|
|
|
|
| LEADER |
00825nam a22002417a 4500 |
| 001 |
31548 |
| 003 |
BD-DhAAL |
| 005 |
20170119115534.0 |
| 008 |
170119s2014 bg ||||| |||| 00| 0 eng d |
| 020 |
|
|
|a 9789843381286
|
| 040 |
|
|
|a BD-DhAAL
|c BD-DhAAL
|
| 082 |
|
|
|2 23
|a 121
|
| 245 |
|
|
|a Knowledge :
|b the collective writings of Obaidur Rahman /
|c Edited by Obaidur Rahman
|
| 260 |
|
|
|a Dhaka :
|b Sleek Publication,
|c 2014
|
| 300 |
|
|
|a XII, 645 pages :
|c 21 cm.
|
| 526 |
|
|
|a AAL
|
| 541 |
|
|
|e 31548
|
| 650 |
|
|
|a Knowledge, Theory of.
|9 20910
|
| 700 |
|
|
|a Rahman, Obaidur
|9 20911
|
| 852 |
|
|
|a Ayesha Abed Library
|c General Stacks
|
| 942 |
|
|
|2 ddc
|c BK
|
| 999 |
|
|
|c 37930
|d 37930
|
| 952 |
|
|
|0 0
|1 0
|2 ddc
|4 0
|6 121_000000000000000_KNO
|7 0
|9 59943
|a BRACUL
|b BRACUL
|c GEN
|d 2017-01-19
|e Complimentary
|l 0
|o 121 KNO
|p 3010031548
|r 2017-01-19
|t 1
|w 2017-01-19
|y BK
|